Energie pro 21. století

Enregistré dans:
Détails bibliographiques
Auteur principal: Bacher, Pierre (Auteur)
Format: Livre
Langue:tchèque
Publié: Praha : Krigl, 2003
Sujets:
Tags: Ajouter un tag
Pas de tags, Soyez le premier à ajouter un tag!

MARC

LEADER 00000nam a22000003a 4500
001 stu82449
005 20150617225638.3
008 031112s2003----xr------------------cze-d
020 |a 80-902403-7-2 
040 |a STU  |b slo 
041 0 |a cze 
044 |a xr 
080 |a 621.039+504  |7 stu_us_auth*stu10402 
100 1 |a Bacher, Pierre  |4 aut 
245 1 |a Energie pro 21. století 
260 |a Praha :  |b Krigl,  |c 2003 
300 |a 182s 
650 7 |a Energia jadrová  |2 stusub 
650 7 |a prostredie životné  |2 stusub 
996 |b 284EK85022  |c E*85022  |l EE10  |s P  |a 0  |w stu82449_0001